| 000 | 00858nam a2200229Ia 4500 | ||
|---|---|---|---|
| 001 | 5051 | ||
| 003 | GE_BSU | ||
| 008 | 181216s||||||||xx |||||||||||||| ||und|| | ||
| 040 | _cGE_BSU | ||
| 080 | _a624.012.45 | ||
| 100 | _aХулицкий,И.И. Ривкин,С.А. Самолетов,М.В. и др. | ||
| 245 | _aЖележобетонные конструкции(расчет и конструирование) | ||
| 245 | _cПод ред. С.А.Ривкина, Ред. В.А.Кочан, Э.А.Полторацкая и др. | ||
| 250 | _aизд.3-е, перераб. и дополн. | ||
| 260 | _aКиев. | ||
| 260 | _bБудiвельник. | ||
| 260 | _c1973. | ||
| 300 | _a992стр.с илл.27см.Библиогр.:стр.990. | ||
| 300 | _eтабл. | ||
| 653 | _aЖележобетонные конструкции. | ||
| 942 | _cBK | ||
| 999 |
_c38734 _d38734 |
||